00527nam a2200121Ia 4500008004100000245016700041260003100208260000900239300000900248650002600257650001200283856011000295170516s9999 xx 000 0 und d aOn-line estimations of delivered radiation doses in three-dimensional conformal radiotherapy treatments of carcinoma uterine cervix patients in linear accelerator bJournal of Medical Physics c2016 a41:4 xRadiologic Technology xRadtech uhttp://www.jmp.org.in/showBackIssue.asp?issn=0971-6203;year=2016;volume=41;issue=4;month=October-December